[Event "Chigorin Memorial 2014"]
[Site "St Petersburg RUS"]
[Date "2014.10.18"]
[Round "1.117"]
[White "Klevets, Ksenia"]
[Black "Loskutov, Sviatoslav"]
[Result "1/2-1/2"]
[WhiteElo "1850"]
[BlackElo "2302"]
[WhiteFideId "24157937"]
[BlackFideId "4143809"]
[EventDate "2014.10.18"]

1. e4 c5 2. Nf3 d6 3. d4 cxd4 4. Nxd4 Nf6 5. f3 e5 6. Nb3 Be6 7. c4 Be7 8. Be3
Nbd7 9. Nc3 Nb6 10. Nd2 O-O 11. Be2 Rc8 12. b3 Nh5 13. O-O Bg5 14. Bf2 Bh6 15.
Re1 Qg5 16. Nf1 Nf4 17. Ng3 Rfd8 18. Bf1 g6 19. Nb5 d5 20. Bxb6 axb6 21. exd5
Bxd5 22. cxd5 Rxd5 23. Qb1 Rd2 24. Qe4 Rcc2 25. Qxe5 Rxg2+ 26. Bxg2 Rxg2+ 27.
Kf1 Rf2+ 28. Kg1 Rg2+ 29. Kf1 Rf2+ 30. Kg1 Rg2+ 31. Kf1 Rf2+ 32. Kg1 1/2-1/2

[Event "Chigorin Memorial 2014"]
[Site "St Petersburg RUS"]
[Date "2014.10.18"]
[Round "1.118"]
[White "Strugnell, Carl"]
[Black "Rygg, Snorre"]
[Result "1-0"]
[WhiteTitle "FM"]
[WhiteElo "2297"]
[BlackElo "1849"]
[WhiteFideId "616753"]
[BlackFideId "1516035"]
[EventDate "2014.10.18"]

1. e4 c5 2. Nc3 g6 3. d4 Bg7 4. dxc5 Qa5 5. Bd2 Qxc5 6. Nd5 d6 7. Bb4 Qd4 8.
Qxd4 Bxd4 9. Nc7+ Kd8 10. Nxa8 Nc6 11. O-O-O Nf6 12. Rxd4 Nxd4 13. Ba5+ Kd7 14.
f3 Nc6 1-0

[Event "Chigorin Memorial 2014"]
[Site "St Petersburg RUS"]
[Date "2014.10.18"]
[Round "1.119"]
[White "Nordstrom, Hakon N"]
[Black "Polyaninov, Aleksey"]
[Result "0-1"]
[WhiteElo "1847"]
[BlackElo "2295"]
[WhiteFideId "1513710"]
[BlackFideId "4118499"]
[EventDate "2014.10.18"]

1. e4 c5 2. Nf3 e6 3. d4 cxd4 4. Nxd4 Qb6 5. Nc3 Bc5 6. Na4 Qa5+ 7. c3 Bxd4 8.
Qxd4 Nf6 9. Qc4 O-O 10. Nc5 Nc6 11. Bf4 d5 12. Qb5 dxe4 13. Qxa5 Nxa5 14. Bg5 b6
15. Bxf6 gxf6 16. Nxe4 Kg7 17. Nd6 Rd8 18. O-O-O Nb7 19. Nxc8 Rxd1+ 20. Kxd1
Rxc8 21. g3 Nc5 22. Kc2 Rd8 23. Bg2 f5 24. b4 Ne4 25. Bxe4 fxe4 26. Re1 f5 27.
Rd1 Rxd1 28. Kxd1 Kf6 29. Kd2 Ke5 30. Ke3 b5 31. h3 h5 32. h4 Kd5 33. Kf4 Kc4
34. Kg5 Kd3 35. Kxh5 Ke2 36. Kg6 Kxf2 37. h5 e3 38. h6 e2 39. h7 e1=Q 40. h8=Q
Kxg3 41. Qb8+ f4 42. Qxb5 Qe4+ 43. Kg7 f3 0-1

[Event "Chigorin Memorial 2014"]
[Site "St Petersburg RUS"]
[Date "2014.10.18"]
[Round "1.120"]
[White "Dauletova, Gulmira"]
[Black "Orel, Daniil"]
[Result "1-0"]
[WhiteTitle "WIM"]
[WhiteElo "2293"]
[BlackElo "1841"]
[WhiteFideId "13702971"]
[BlackFideId "24164895"]
[EventDate "2014.10.18"]

1. e4 e5 2. Nf3 Nc6 3. Bb5 a6 4. Ba4 Nf6 5. O-O Be7 6. Re1 b5 7. Bb3 d6 8. c3
O-O 9. h3 Na5 10. Bc2 c5 11. d4 Nd7 12. Nbd2 exd4 13. cxd4 Nc6 14. Nf1 Qb6 15.
Ne3 Nf6 16. Nd5 Qb7 17. Nxe7+ Qxe7 18. dxc5 dxc5 19. e5 Ne8 20. Be4 Bd7 21. Bg5
Qe6 22. Be3 Qe7 23. Bxc5 Qxc5 24. Qxd7 Nb8 25. Qb7 Ra7 26. Qxb8 Nc7 27. Rac1
Rxb8 28. Rxc5 Ne6 29. Rc2 Rd7 30. Rec1 Rbd8 31. Rc8 g6 32. Rxd8+ Rxd8 33. b4 Nf4
34. Kf1 Nd5 35. Bxd5 Rxd5 36. Ke2 Rd8 37. Rc6 Ra8 38. Nd4 a5 39. a3 axb4 40.
axb4 Ra4 41. Nc2 Ra2 42. Kd3 Rb2 43. Rc5 Rb3+ 44. Kd2 Kf8 45. Rxb5 Ke7 46. Rb7+
Ke6 47. Nd4+ 1-0

[Event "Chigorin Memorial 2014"]
[Site "St Petersburg RUS"]
[Date "2014.10.18"]
[Round "1.121"]
[White "Hyoetylae, Tapio"]
[Black "Khanin, Semen"]
[Result "0-1"]
[WhiteElo "1840"]
[BlackElo "2292"]
[WhiteFideId "501026"]
[BlackFideId "4111990"]
[EventDate "2014.10.18"]

1. d4 Nf6 2. c4 g6 3. Nc3 Bg7 4. e4 d6 5. Bd3 O-O 6. h3 c5 7. d5 e6 8. Nf3 exd5
9. cxd5 Nbd7 10. O-O a6 11. a4 Qc7 12. Bf4 c4 13. Bc2 Rb8 14. a5 Re8 15. Nd2 b5
16. axb6 Nxb6 17. Re1 Nfd7 18. Nf3 Ne5 19. Nxe5 dxe5 20. Be3 Bf8 21. Qd2 Nd7 22.
Ba4 Rd8 23. Rab1 Nc5 24. Bc2 Bd6 25. Qe2 Nb3 26. Red1 f6 27. Qf3 Kg7 28. Qe2 Bd7
29. Qe1 a5 30. Bxb3 Rxb3 31. Qe2 Rdb8 32. Qc2 Qb7 0-1

[Event "Chigorin Memorial 2014"]
[Site "St Petersburg RUS"]
[Date "2014.10.18"]
[Round "1.122"]
[White "Stetsko, Lanita"]
[Black "Kokhnover, Ilya"]
[Result "1-0"]
[WhiteTitle "FM"]
[WhiteElo "2291"]
[BlackElo "1840"]
[WhiteFideId "13505300"]
[BlackFideId "24159174"]
[EventDate "2014.10.18"]

1. e4 c5 2. Nf3 e6 3. d4 cxd4 4. Nxd4 a6 5. Bd3 Nf6 6. Nc3 Qc7 7. Qe2 d6 8. f4
Nbd7 9. Nb3 Be7 10. O-O b5 11. a3 O-O 12. Bd2 Nc5 13. Kh1 Nxd3 14. cxd3 Bb7 15.
Rac1 Qd8 16. f5 e5 17. Rf3 Kh8 18. Rh3 d5 19. Qe1 g6 20. Na5 Qxa5 21. Nxd5 Qd8
22. Ba5 Qe8 23. Nxe7 Qxe7 24. Rc7 Qe8 25. Rxb7 h5 26. Rf3 Rc8 27. Rb6 Ng4 28. h3
Nh6 29. Qe3 Kh7 30. Bd2 Ng8 31. Bb4 Rc2 32. fxg6+ 1-0

[Event "Chigorin Memorial 2014"]
[Site "St Petersburg RUS"]
[Date "2014.10.18"]
[Round "1.123"]
[White "Shilnikov, Igor S."]
[Black "Palachev, Petr"]
[Result "0-1"]
[BlackTitle "FM"]
[WhiteElo "1839"]
[BlackElo "2288"]
[WhiteFideId "4155653"]
[BlackFideId "24129003"]
[EventDate "2014.10.18"]

1. d4 c5 2. d5 Nf6 3. Nf3 g6 4. Nc3 Bg7 5. Bg5 O-O 6. h3 b5 7. e3 b4 8. Bxf6
Bxf6 9. Ne4 Bxb2 10. Rb1 Bg7 11. Bc4 d6 12. O-O Nd7 13. Qd3 Nb6 14. c3 Nxc4 15.
Qxc4 a5 16. cxb4 axb4 17. Rfc1 Qa5 18. Ned2 Qxa2 19. e4 Qxc4 20. Nxc4 Ba6 21. e5
Bh6 22. Rc2 Bxc4 23. Rxc4 Rfb8 24. g4 Ra3 25. Kg2 Rd3 26. g5 Bg7 27. e6 b3 28.
exf7+ Kxf7 29. Ra4 b2 30. Ra7 Rc3 31. Re1 Bf8 32. Nd2 Rc1 33. Re6 Rd1 34. Ne4
b1=Q 35. Nxd6+ Kg8 0-1

[Event "Chigorin Memorial 2014"]
[Site "St Petersburg RUS"]
[Date "2014.10.18"]
[Round "1.124"]
[White "Sargissyan, Sargis"]
[Black "Shapar, Tatiana"]
[Result "1-0"]
[WhiteElo "2284"]
[BlackElo "1877"]
[WhiteFideId "13303210"]
[BlackFideId "24174840"]
[EventDate "2014.10.18"]

1. e4 g6 2. d4 Bg7 3. Nc3 d6 4. f4 Nf6 5. Nf3 O-O 6. Bd3 Nbd7 7. e5 Ne8 8. Ne4
c5 9. Nfg5 e6 10. h4 cxd4 11. h5 Nc5 12. h6 Bh8 13. Nxh7 Kxh7 14. Ng5+ Kg8 15.
h7+ Kg7 16. Qf3 f6 17. Bxg6 fxg5 18. Qh5 1-0

[Event "Chigorin Memorial 2014"]
[Site "St Petersburg RUS"]
[Date "2014.10.18"]
[Round "1.125"]
[White "Levin, Evgeny"]
[Black "Yeletsky, Ivan"]
[Result "0-1"]
[WhiteElo "1835"]
[BlackElo "2284"]
[WhiteFideId "2810476"]
[BlackFideId "24180327"]
[EventDate "2014.10.18"]

1. c4 Nf6 2. Nc3 d5 3. cxd5 Nxd5 4. g3 g6 5. Bg2 Nb6 6. Nf3 Bg7 7. d3 Nc6 8. O-O
O-O 9. Be3 h6 10. Qd2 Kh7 11. Rac1 e5 12. Ne1 Nd4 13. f4 Nf5 14. Bxb6 axb6 15.
Nf3 exf4 16. Qxf4 c6 17. h4 b5 18. Kh2 Qb6 19. Bh3 Ne3 20. Rg1 Bxh3 21. Kxh3 b4
22. Ne4 Nd5 23. Qd2 Rxa2 24. d4 Qc7 25. Rb1 Re8 26. Nf2 Qd7+ 27. Kh2 Ne3 28. Qd3
Qd5 29. Rge1 b6 30. Nh3 Ng4+ 31. Kg2 Re3 32. Nf4 Rxd3 33. Nxd5 Rb3 34. Nxb6
Rbxb2 35. Rxb2 Rxb2 36. Nc4 Rc2 37. Na5 Bf8 38. Kh3 Nf2+ 39. Kg2 Nd3 0-1

[Event "Chigorin Memorial 2014"]
[Site "St Petersburg RUS"]
[Date "2014.10.18"]
[Round "1.126"]
[White "Ofitserian, Boris"]
[Black "Zakharov, Yuri"]
[Result "1-0"]
[WhiteElo "2282"]
[BlackElo "1830"]
[WhiteFideId "24199443"]
[BlackFideId "4166620"]
[EventDate "2014.10.18"]

1. e4 c5 2. Nf3 e6 3. d4 cxd4 4. Nxd4 a6 5. c4 Qc7 6. Bd3 Nf6 7. O-O Bc5 8. Nf3
Nc6 9. Nc3 d6 10. b3 Ne5 11. Nxe5 dxe5 12. b4 Bd4 13. Qb3 O-O 14. Bg5 Ne8 15.
Rac1 f6 16. Bd2 Bd7 17. c5 Kh8 18. Ne2 g6 19. Nxd4 exd4 20. a4 Ng7 21. b5 axb5
22. axb5 e5 23. Bc4 Rfe8 24. Bd5 Ne6 25. c6 bxc6 26. bxc6 Bc8 27. Ra1 Rb8 28.
Qa3 Qe7 29. Qxe7 Rxe7 30. Rfb1 Rxb1+ 31. Rxb1 Ng7 32. Rb8 Ra7 33. h3 1-0

[Event "Chigorin Memorial 2014"]
[Site "St Petersburg RUS"]
[Date "2014.10.18"]
[Round "1.127"]
[White "Bezulenko, Evgeny"]
[Black "Leontiev, Aleksandr V."]
[Result "0-1"]
[BlackTitle "IM"]
[WhiteElo "1827"]
[BlackElo "2281"]
[WhiteFideId "24105996"]
[BlackFideId "4122968"]
[EventDate "2014.10.18"]

1. g3 d5 2. Bg2 e5 3. d3 Nc6 4. Nd2 Nf6 5. c3 a5 6. a4 Bc5 7. Nb3 Be7 8. Nf3 O-O
9. O-O Re8 10. Nfd2 Ra6 11. e4 Be6 12. Qc2 Qd7 13. exd5 Bxd5 14. Ne4 Nxe4 15.
dxe4 Bc4 16. Rd1 Qe6 17. Nd2 Be2 18. Re1 Bh5 19. Nf1 Bc5 20. Be3 Qe7 21. f4 Rb6
22. Kh1 Rd8 23. Qf2 Bxe3 24. Nxe3 Qc5 25. g4 Bxg4 26. Nxg4 Qxf2 27. Nxf2 Rxb2
28. Nd1 Rc2 29. f5 Rdd2 30. Rg1 Re2 31. Rb1 b6 32. Rb5 Ra2 33. f6 g5 34. Rd5 h6
35. Rd7 Rac2 36. h4 g4 37. Kh2 h5 38. Rd3 Kh7 39. Ne3 Ra2 40. Nd5 Rxa4 41. Nxc7
Raxe4 42. Nd5 b5 43. Ne7 Na7 44. Rd7 b4 45. Rxa7 b3 46. Rb7 a4 47. Nd5 Kg6 48.
Rb4 b2 49. c4 Rc2 50. Ne3 Rxe3 51. Rb1 a3 0-1

[Event "Chigorin Memorial 2014"]
[Site "St Petersburg RUS"]
[Date "2014.10.18"]
[Round "1.128"]
[White "Erzhanov, Arman"]
[Black "Shinkevich, Maksim"]
[Result "1/2-1/2"]
[WhiteTitle "FM"]
[WhiteElo "2278"]
[BlackElo "1825"]
[WhiteFideId "4138821"]
[BlackFideId "24176389"]
[EventDate "2014.10.18"]

1. e4 c5 2. Nf3 Nc6 3. Bb5 d6 4. O-O Bd7 5. Re1 e6 6. d4 cxd4 7. Nxd4 Nxd4 8.
Bxd7+ Qxd7 9. Qxd4 Ne7 10. c4 Rc8 11. b3 Nc6 12. Qd2 Be7 13. Bb2 Bf6 14. Bxf6
gxf6 15. Nc3 a6 16. Rad1 Rd8 17. Qh6 Ne5 18. f4 Ng6 19. f5 Ne5 20. Qg7 Rf8 21.
Qxh7 Qc6 22. fxe6 fxe6 23. Ne2 Rf7 24. Qh3 Ke7 25. Nf4 Qc8 26. Qe3 Rg8 27. Kh1
Rh7 28. Qb6 Qc6 29. Qxc6 bxc6 30. Nd3 Ng4 31. h3 c5 32. Rd2 Nh6 33. Rf1 Rg3 34.
Nf4 Ng4 35. Rd3 Rxd3 36. Nxd3 Ne3 37. Rf4 Rg7 38. Rf2 Nd1 39. Rd2 Nc3 40. Nf2
Rg3 41. h4 Re3 42. Rd3 Rxd3 43. Nxd3 Nxe4 44. g4 f5 45. gxf5 Ng3+ 46. Kg2 Nxf5
47. Kh3 Kf6 48. Kg4 a5 49. Nb2 Nd4 50. Na4 Ne2 51. Kf3 Nd4+ 52. Kf4 Nc6 53. Nc3
Nb4 54. Ne4+ Ke7 55. Kg5 Nd3 56. Nc3 Kf7 57. Ne4 Ke7 58. Nc3 Kf7 59. h5 Kg7 60.
h6+ Kf7 61. Ne4 d5 62. Nd6+ Kg8 63. Kg6 Nf4+ 64. Kg5 Nd3 65. Kf6 d4 66. Kxe6 Nb4
67. Ne4 Nxa2 68. Ng5 Nb4 69. Kd6 Nd3 70. Kd5 Kh8 71. Ke4 Nf2+ 72. Kf5 Nd3 73.
Ke4 Nf2+ 74. Kf5 Nd3 75. Ne6 Kh7 76. Ke4 Nf2+ 77. Kf3 Nd3 78. Ke4 Nf2+ 79. Kf5
Nd3 80. Ke4 Nf2+ 1/2-1/2

[Event "Chigorin Memorial 2014"]
[Site "St Petersburg RUS"]
[Date "2014.10.18"]
[Round "1.129"]
[White "Zilbershtein, Victor"]
[Black "Samdanov, Samdan"]
[Result "0-1"]
[WhiteElo "1814"]
[BlackElo "2278"]
[WhiteFideId "2810441"]
[BlackFideId "4188101"]
[EventDate "2014.10.18"]

1. d4 Nf6 2. Nf3 g6 3. e3 Bg7 4. Be2 O-O 5. c4 d6 6. Nc3 Nc6 7. O-O e5 8. d5 Ne7
9. e4 Nd7 10. Ne1 f5 11. f3 f4 12. Nd3 g5 13. Bd2 h5 14. Nf2 Kh8 15. Kh1 Nf6 16.
Rg1 Rg8 17. g3 Bh6 18. h3 fxg3 19. Rxg3 Nh7 20. h4 gxh4 21. Rxg8+ Nxg8 22. Bxh6
Nxh6 23. Qd2 Qf6 24. Nb5 Bd7 25. Rg1 Bxb5 26. cxb5 Rg8 27. Rxg8+ Nxg8 28. Nh3
Qh6 29. Qxh6 Nxh6 30. Kg2 Kg7 31. f4 Ng4 32. Kf3 Kf6 33. b4 exf4 34. Kxf4 Nf8
35. Ng1 Ng6+ 36. Kf3 Ke5 37. Bd3 Nf4 38. Bc4 h3 39. Nxh3 Nxh3 40. Kg3 Ng5 41.
Kh4 Nxe4 0-1

[Event "Chigorin Memorial 2014"]
[Site "St Petersburg RUS"]
[Date "2014.10.18"]
[Round "1.130"]
[White "Sichinava, Zviad"]
[Black "Gogin, Artem"]
[Result "1-0"]
[WhiteElo "2275"]
[BlackElo "1815"]
[WhiteFideId "24111716"]
[BlackFideId "34103780"]
[EventDate "2014.10.18"]

1. d4 d5 2. Bg5 Nf6 3. Nd2 g6 4. Bxf6 exf6 5. e3 Bg7 6. g3 O-O 7. Bg2 c6 8. Ne2
f5 9. c4 dxc4 10. O-O Nd7 11. Nxc4 Nf6 12. Nf4 Be6 13. Nxe6 fxe6 14. Qb3 Qe7 15.
a3 Kh8 16. Na5 Rab8 17. Qc4 Rfc8 18. b4 a6 19. Rac1 Nd5 20. Qb3 g5 21. Nc4 f4
22. e4 Nf6 23. e5 Nd5 24. Nd6 Rg8 25. a4 Bh6 26. Bxd5 exd5 27. g4 Qe6 28. Nf5
Bf8 29. b5 axb5 30. axb5 Be7 31. Rc3 Rbf8 32. bxc6 bxc6 33. Qb7 Rxf5 34. gxf5
Qf7 35. f6 1-0

[Event "Chigorin Memorial 2014"]
[Site "St Petersburg RUS"]
[Date "2014.10.18"]
[Round "1.131"]
[White "Shapianov, Adam"]
[Black "Ovchinnikov, Vsevolod"]
[Result "0-1"]
[BlackTitle "FM"]
[WhiteElo "1807"]
[BlackElo "2272"]
[WhiteFideId "34137030"]
[BlackFideId "24176842"]
[EventDate "2014.10.18"]

1. e4 e6 2. d4 d5 3. Nd2 Nc6 4. c3 e5 5. exd5 Qxd5 6. dxe5 Nxe5 7. Qe2 Bg4 8.
Ngf3 O-O-O 9. Qxe5 Bxf3 10. Qxd5 Bxd5 11. Nb3 Ne7 12. Bg5 h6 13. Bd2 Ng6 14.
O-O-O Be7 15. c4 Be6 16. f4 a5 17. Be2 a4 18. Na1 Bf5 19. Nc2 Be4 20. f5 Bxf5
21. Rhf1 Be6 22. Bc3 Bg5+ 23. Kb1 Nf4 24. Bf3 Bxc4 25. g3 Ne6 26. Rfe1 Rxd1+ 27.
Rxd1 Rd8 28. Re1 Bd2 29. Rd1 Bxc3 30. Rxd8+ Kxd8 31. bxc3 c6 32. Ne3 Bd3+ 33.
Kb2 Kc7 34. c4 b5 35. Kc3 Bb1 36. Kb2 Bg6 37. Kc3 Ng5 38. Be2 Ne4+ 39. Kb4 c5+
40. Ka5 Nc3 41. Nd5+ Nxd5 42. cxd5 c4 43. Kb4 Kd6 44. Bf3 Bb1 45. a3 f5 0-1

[Event "Chigorin Memorial 2014"]
[Site "St Petersburg RUS"]
[Date "2014.10.18"]
[Round "1.132"]
[White "Shemeakin, Alexander"]
[Black "Morozov, Boris"]
[Result "1-0"]
[WhiteTitle "IM"]
[WhiteElo "2270"]
[BlackElo "1805"]
[WhiteFideId "14101840"]
[BlackFideId "4129695"]
[EventDate "2014.10.18"]

1. d4 e6 2. c4 f5 3. Nf3 Nf6 4. Nc3 Be7 5. g3 O-O 6. Bg2 d6 7. O-O Nc6 8. d5
exd5 9. cxd5 Ne5 10. Nd4 Qe8 11. Qc2 Qh5 12. f4 Neg4 13. h3 Nh6 14. Ncb5 Bd7 15.
Qd3 Ne8 16. Ne6 Bxe6 17. dxe6 c6 18. Nd4 g5 19. Nxf5 Nxf5 20. g4 Qg6 21. Be4
Qxe6 22. Bxf5 Rxf5 23. gxf5 Qh6 24. fxg5 Qh4 25. f6 Nxf6 26. gxf6 Bxf6 27. Bd2
Re8 28. Rf4 Qh5 29. Rxf6 Rxe2 30. Qg3+ 1-0

[Event "Chigorin Memorial 2014"]
[Site "St Petersburg RUS"]
[Date "2014.10.18"]
[Round "1.133"]
[White "Shemenko, Georgy"]
[Black "Miroshnichenko, Pavel"]
[Result "0-1"]
[WhiteElo "1803"]
[BlackElo "2270"]
[WhiteFideId "34112879"]
[BlackFideId "4188659"]
[EventDate "2014.10.18"]

1. e4 d5 2. exd5 Qxd5 3. Nc3 Qd6 4. d4 Nf6 5. Nf3 a6 6. Bc4 Bg4 7. Be3 e6 8. O-O
Nc6 9. Qe2 Be7 10. Rad1 b5 11. Bd3 Nb4 12. Ne4 Nxe4 13. Bxe4 Nd5 14. Qd3 f5 15.
Bxd5 Qxd5 16. Ne5 Bxd1 17. Rxd1 Bf6 18. Nf3 O-O 19. Bf4 c6 20. a3 Rad8 21. c3 c5
22. Rd2 cxd4 23. cxd4 Rc8 24. Re2 Rfd8 25. Qe3 Re8 26. h3 Rc4 27. Rd2 Rec8 28.
Re2 R8c6 29. Ne5 Rc1+ 30. Kh2 R6c2 31. Rd2 Rxd2 32. Qxd2 Rc8 33. Qa5 Qxd4 34.
Nd3 Qxd3 35. Qxa6 Qc4 0-1

[Event "Chigorin Memorial 2014"]
[Site "St Petersburg RUS"]
[Date "2014.10.18"]
[Round "1.135"]
[White "Ivanov, Igor"]
[Black "Molchanova, Tatjana"]
[Result "0-1"]
[BlackTitle "WGM"]
[WhiteElo "1782"]
[BlackElo "2265"]
[WhiteFideId "34176141"]
[BlackFideId "4132203"]
[EventDate "2014.10.18"]

1. c4 e5 2. Nc3 Nc6 3. Nf3 g6 4. g3 Bg7 5. Bg2 Nge7 6. d3 O-O 7. O-O f5 8. Rb1
h6 9. Nd5 Nxd5 10. cxd5 Ne7 11. e4 d6 12. Qc2 g5 13. h3 Ng6 14. Nd2 f4 15. g4
Nh4 16. Nf3 Nxg2 17. Kxg2 h5 18. Nh2 f3+ 19. Nxf3 hxg4 20. hxg4 Bxg4 21. Nh2 Qd7
22. Rg1 Bh3+ 23. Kh1 g4 24. f3 gxf3 25. Rg3 Bg2+ 26. Kg1 Rf7 27. Ng4 Kf8 28. Kf2
Rf4 29. Ne3 Bf6 30. Nxg2 fxg2+ 31. Bxf4 exf4 32. Rxg2 Bd4+ 33. Ke1 Qh3 34. Rf2
Qg3 35. Kf1 Bxf2 36. Qxf2 Qxd3+ 37. Kg2 Qxb1 38. Qxf4+ Ke8 0-1

[Event "Chigorin Memorial 2014"]
[Site "St Petersburg RUS"]
[Date "2014.10.18"]
[Round "1.136"]
[White "Davletbayeva, Madina"]
[Black "Beltyukov, Denis"]
[Result "1-0"]
[WhiteTitle "WIM"]
[WhiteElo "2263"]
[BlackElo "1781"]
[WhiteFideId "13703595"]
[BlackFideId "24139068"]
[EventDate "2014.10.18"]

1. e4 e6 2. d4 d5 3. Nd2 Nf6 4. e5 Nfd7 5. Bd3 c5 6. c3 Nc6 7. Ne2 cxd4 8. cxd4
f6 9. exf6 Nxf6 10. O-O Bd6 11. Nf3 O-O 12. Bf4 Qc7 13. g3 e5 14. dxe5 Nxe5 15.
Nxe5 Bxe5 16. Qb3 Rb8 17. Qa3 Bxf4 18. Nxf4 Qb6 19. Rae1 Bd7 20. Re7 Rbd8 21.
Qc3 d4 22. Qc2 Qd6 23. Rfe1 Rde8 24. Rxe8 Rxe8 25. Qb3+ Kf8 26. Rxe8+ Kxe8 27.
Qxb7 Qc5 28. Bf1 a5 29. b3 g5 30. Nd3 Qd5 31. Qb6 Ng4 32. Qxd4 Bc6 33. Be2 1-0

[Event "Chigorin Memorial 2014"]
[Site "St Petersburg RUS"]
[Date "2014.10.18"]
[Round "1.137"]
[White "Aksenova, Maria"]
[Black "Pershin, Denis"]
[Result "0-1"]
[WhiteElo "1777"]
[BlackElo "2263"]
[WhiteFideId "24173312"]
[BlackFideId "24165506"]
[EventDate "2014.10.18"]

1. d4 Nf6 2. c4 e6 3. Nf3 b6 4. Nc3 Bb7 5. Bg5 d5 6. cxd5 exd5 7. e3 Be7 8. Bb5+
c6 9. Bd3 O-O 10. O-O Nbd7 11. Qc2 c5 12. Rac1 h6 13. Bh4 a6 14. Rfd1 Re8 15.
Bf5 Nf8 16. dxc5 bxc5 17. Bxf6 Bxf6 18. Nxd5 Bxd5 19. Qxc5 g6 20. Rxd5 Qb8 21.
Bd7 Nxd7 22. Rxd7 Qxb2 23. Qc4 Rf8 24. Rd2 Qb7 25. Qf4 Bg7 26. Rcd1 Rac8 27. g3
Rc5 28. Rd7 Qb2 29. Nd4 Qxa2 30. Qd6 Rfc8 31. Rd8+ Rxd8 32. Qxd8+ Bf8 33. Qe8
Qc4 34. Rb1 Rc8 35. Qd7 Qc7 36. Qd5 Rd8 37. Qe4 Rb8 38. Ra1 a5 39. Qd5 Rb2 40.
Qxa5 Rb1+ 41. Kg2 Qb7+ 42. Nf3 Rb2 43. Ra2 Rb1 44. Ra1 Rb2 45. Ra2 Rb5 46. Qa8
Qc7 47. Qa7 Qc6 48. Qa8 Qc4 49. Ra4 Qc1 50. Ra1 Qc7 51. Ra7 Qc4 52. Ra4 Qc1 53.
Ra1 Qb2 54. Ra2 Qb1 55. Ra1 Qd3 56. Ra3 Qxa3 0-1

[Event "Chigorin Memorial 2014"]
[Site "St Petersburg RUS"]
[Date "2014.10.18"]
[Round "1.138"]
[White "Isakov, Andrey"]
[Black "Shakhmatov, Roman"]
[Result "1-0"]
[WhiteElo "2258"]
[BlackElo "1775"]
[WhiteFideId "4151003"]
[BlackFideId "13706411"]
[EventDate "2014.10.18"]

1. e4 e6 2. d4 d5 3. Nc3 Bb4 4. Ne2 Nc6 5. a3 Ba5 6. e5 f6 7. Nf4 Qe7 8. Bb5 Bd7
9. Bxc6 Bxc3+ 10. bxc3 Bxc6 11. Qh5+ Kd7 12. O-O f5 13. Re1 Rd8 14. c4 Kc8 15.
cxd5 Bxd5 16. Nxd5 Rxd5 17. Bg5 g6 18. Qh4 Qd7 19. c3 h5 20. Be3 Ne7 21. c4 Ra5
22. Qf6 Re8 23. d5 exd5 24. e6 Qa4 25. Bd2 dxc4 26. Bxa5 Qxa5 27. Qf7 Qb5 28.
Rad1 Nd5 29. Rxd5 Qxd5 30. Qxe8+ Qd8 31. Qf7 1-0

[Event "Chigorin Memorial 2014"]
[Site "St Petersburg RUS"]
[Date "2014.10.18"]
[Round "1.139"]
[White "Zhivotovskaya, Asya"]
[Black "Gogolev, Artem"]
[Result "0-1"]
[WhiteElo "1775"]
[BlackElo "2253"]
[WhiteFideId "24166014"]
[BlackFideId "4116615"]
[EventDate "2014.10.18"]

1. e4 c5 2. Nf3 Nf6 3. e5 Nd5 4. c3 e6 5. d4 cxd4 6. cxd4 b6 7. Nc3 Bb7 8. Bc4
Nxc3 9. bxc3 Qc7 10. Qd3 Nc6 11. O-O Na5 12. Bb3 Rc8 13. Bd2 Nc4 14. Be1 Qc6 15.
Kh1 d6 16. exd6 Bxd6 17. Rg1 Qd5 18. h3 Qh5 19. Nh2 O-O 20. f3 b5 21. a4 a6 22.
Ra2 Bd5 23. Re2 Bf4 24. axb5 axb5 25. Qb1 Ra8 26. Bxc4 Bxc4 27. Re4 Qg5 28. h4
Qg6 29. g3 Bd6 30. Qd1 Ra2 31. Bd2 Rfa8 32. g4 Rxd2 33. Qxd2 Ra2 34. Qxa2 Bxa2
35. Rg2 Bd5 36. h5 Qg5 37. Re1 Bxh2 38. Kxh2 Qh4+ 0-1

[Event "Chigorin Memorial 2014"]
[Site "St Petersburg RUS"]
[Date "2014.10.18"]
[Round "1.140"]
[White "Ganichev, Alexander"]
[Black "Gantsevich, Aleksey A."]
[Result "1/2-1/2"]
[WhiteElo "2247"]
[BlackElo "1766"]
[WhiteFideId "24143944"]
[BlackFideId "24195863"]
[EventDate "2014.10.18"]

1. e4 c5 2. Nf3 d6 3. d4 cxd4 4. Nxd4 Nf6 5. Nc3 a6 6. f4 e5 7. Nf3 Nbd7 8. a4
Be7 9. Bd3 b6 10. O-O O-O 11. Qe2 Bb7 12. Kh1 Qc7 13. fxe5 dxe5 14. Bg5 Nc5 15.
Nh4 Nxd3 16. cxd3 Ne8 17. Bxe7 Qxe7 18. Nf5 Qe6 19. Nd5 g6 20. Nfe7+ Kh8 21. Qe3
Bxd5 22. Nxd5 Rb8 23. Qh6 Kg8 24. Rac1 Rb7 25. b4 f5 26. b5 axb5 27. axb5 Rbf7
28. h3 Nf6 29. Rc6 Qd7 30. Rc7 Qd6 31. Rc6 Qd7 32. Nxf6+ Rxf6 33. Rfc1 R6f7 34.
exf5 Qxf5 35. Qe3 Rd7 36. Re1 Rxd3 37. Qxe5 Rxh3+ 38. gxh3 Qf3+ 39. Kg1 Qf2+ 40.
Kh1 Qf3+ 1/2-1/2

[Event "Chigorin Memorial 2014"]
[Site "St Petersburg RUS"]
[Date "2014.10.18"]
[Round "1.141"]
[White "Mihailov, Dimitri"]
[Black "Sorokin, Aleksey"]
[Result "0-1"]
[WhiteElo "1765"]
[BlackElo "2246"]
[WhiteFideId "13901273"]
[BlackFideId "24176460"]
[EventDate "2014.10.18"]

1. b4 Nf6 2. Bb2 e6 3. b5 d5 4. e3 a6 5. a4 Bd6 6. Nf3 axb5 7. axb5 Rxa1 8. Bxa1
O-O 9. c4 Nbd7 10. Be2 dxc4 11. Bxc4 e5 12. h3 Qe7 13. Nc3 e4 14. Nd4 Ne5 15.
Be2 c5 16. bxc6 Nxc6 17. Ncb5 Bb8 18. Bb2 Rd8 19. Qa1 Nd5 20. O-O Nxd4 21. Bxd4
Bd7 22. Rb1 Qg5 23. Kh1 Qh4 24. Kg1 Re8 25. Bf1 Qg5 26. Nc3 Nxc3 27. dxc3 Bc6
28. c4 h5 29. c5 h4 30. Bb5 Be5 31. Bxc6 bxc6 32. Rb6 Bxd4 33. Qxd4 Re6 34. Rb8+
Kh7 35. Rc8 f5 36. Qc4 Qf6 37. Qa6 f4 38. Qa8 fxe3 39. fxe3 Qg5 40. Rh8+ Kg6 41.
Qg8 Qxe3+ 42. Kh2 Qf4+ 43. Kg1 Re7 44. Qh7+ Kf6 45. Rf8+ Rf7 46. Rc8 e3 47.
Rxc6+ Ke7 48. Qd3 Rf6 49. Rc8 Kf7 50. Qd5+ Kg6 51. Qd3+ Kg5 52. Qd5+ Rf5 53.
Qd8+ Kh6 54. Qh8+ Kg6 55. Qe8+ Rf7 56. Qe6+ Kh7 57. Qd5 Qf2+ 58. Kh2 Qg3+ 59.
Kg1 Rf1+ 0-1